| 000 -ლიდერი |
| ფიქსირებული სიგრძის საკონტროლო ველი |
01274nam a22002057a 4500 |
| 003 - საკონტროლო ნომრის იდენტიფიკატორი |
| საკონტროლო ველი |
Ge_BSU |
| 005 - ბოლო ოპერაციის თარიღი და დრო |
| საკონტროლო ველი |
20250926193822.0 |
| 008 - ფიქსირებული სიგრძის მონაცემთა ელემენტები - ზოგადი ინფორმაცია |
| ფიქსირებული სიგრძის საკონტროლო ველი |
250926s1971 ge ||||| |||| 00| 0 geo d |
| 041 ## - ენის კოდი |
| Language code of text/sound track or separate title |
geo |
| 080 ## - უნივერსალური ათობითი კლასიფიკაციის ინდექსი |
| Universal Decimal Classification number |
338.24.021.8 გ-12 |
| 100 ## - მთავარი ჩანაწერი - პიროვნების სახელი |
| Personal name |
გაბისონია, ამირან |
| 9 (RLIN) |
25893 |
| 245 ## - ცნობა სათაურის შესახებ |
| Title |
რეფორმა და ეკონომიური სტიმულები / |
| Statement of responsibility, etc |
ამირან გაბისონია; საქართველოს კპ ცკ-ისა და თბილ. კომ-ტის პოლიტ. განათლ. რესპ. სახლი. |
| 264 ## - წარმოების, გამოცემის, დისტრიბუციის და სხვა ცნობები |
| გამოცემის, წარმოების, დისტრიბუციის... ადგილი |
თბილისი : |
| გამოცემის, წარმოების, დისტრიბუციის... სახელწოდება |
საქ. კპ ცკ-ის გამ-ბა, |
| გამოცემის, წარმოების, დისტრიბუციის... თარიღი |
1971. |
| 300 ## - ფიზიკური აღწერა |
| Extent |
109 გვ. ; |
| Other physical details |
20 სმ. |
| 504 ## - BIBLIOGRAPHY, ETC. NOTE |
| Bibliography, etc |
ბიბლიოგრაფია: გვ. 108-109. |
| 653 ## - INDEX TERM--UNCONTROLLED |
| Uncontrolled term |
ეკონომიკური რეფორმა |
| 653 ## - INDEX TERM--UNCONTROLLED |
| Uncontrolled term |
ეკონგომიკური სტიმულირება |
| 710 ## - ADDED ENTRY--CORPORATE NAME |
| Corporate name or jurisdiction name as entry element |
საქართველოს კპ ცკ-ისა და თბილისის კომიტეტის პოლიტიკური |
| Subordinate unit |
განათლების რესპუბლიკური სახლი. |
| 9 (RLIN) |
25894 |
| 942 ## - ADDED ENTRY ELEMENTS (KOHA) |
| Source of classification or shelving scheme |
|
| Koha item type |
წიგნი |